History Quiz

Random History or Europe Quiz

Before or After: AD 1000 Quiz Stats

 Plays Quiz Updated Jul 12, 2017

Support Sporcle.
Go Orange.
Score 0/30 Timer 05:00
1 Play Today
Event (B)efore or (A)fter % Correct
Rome is sacked by Alaric of the Visigoths???
81.6%
Signing of the Magna Carta???
81.5%
The prophet Muhammad is born???
80.4%
William the Conqueror becomes King of England???
79.1%
Vikings begin attacks on England???
77.5%
Henry II of England invades Ireland???
76.1%
Construction begins on the Tower of London???
76%
Dante completes the Divine Comedy???
75.2%
Iceland settled by the Norse???
74.5%
Construction begins on Notre-Dame de Paris???
74%
First recorded use of movable type for printing???
70.6%
Bede the Venerable dies???
68.9%
England's last pagan king dies???
68.3%
Song dynasty begins rule of China???
68.1%
Pope Urban begins First Crusade???
67.2%
Event (B)efore or (A)fter % Correct
Alfred the Great unites most of England???
65.7%
Charlemagne dies???
65.6%
Eric the Red begins colonizing Greenland???
63.6%
Founding of Knights Templar???
59.5%
Founding of Hanseatic League???
59%
The Great Schism splits Christianity into two branches???
58.9%
Ottoman Empire founded???
57.7%
Genghis Khan establishes Mongol Empire???
57.4%
Arabs attempt first siege of Constantinople???
57.3%
Duchy of Normandy founded in modern-day France???
57.2%
Invention of gunpowder???
55.4%
Otto the Great becomes Holy Roman Emperor???
55.1%
Hugh Capet begins Capetian dynasty in France???
52.9%
University of Bologna (oldest in Europe) founded???
51%
Minamoto no Yoritomo becomes first shogun of Japan???
47.3%

You're not logged in!

Compare scores with friends on all Sporcle quizzes.
OR
Log In
Forgot?

From the Vault

Remove Ads.
Support Sporcle.
Get the best of Sporcle when you Go Orange. This ad-free experience offers more features, more stats, and more fun while also helping to support Sporcle. Thank you for becoming a member.

Show Comments

Extras

Top Quizzes Today


Score Distribution

Your Account Isn't Verified!

In order to create a playlist on Sporcle, you need to verify the email address you used during registration. Go to your Sporcle Settings to finish the process.

Report this User

Report this user for behavior that violates our Community Guidelines.

Details: